| 000 | 00414nam a2200169Ia 4500 | ||
|---|---|---|---|
| 008 | 210210b2014 xxu||||| |||| 00| 0 eng d | ||
| 041 | _aeng | ||
| 082 | _a658.15 KUMF | ||
| 100 | _aKUMAR (Yatish) | ||
| 245 | _aFinancial management | ||
| 260 |
_aMangalore _bUnited Publishers _c2014 |
||
| 300 | _avii,200 | ||
| 650 | _amanagement | ||
| 650 | _aFinancial | ||
| 690 | _aFinancial Management | ||
| 906 | _a068804 | ||
| 999 |
_c152911 _d152911 |
||